| 000 | 00806nam a22002777a 4500 | ||
|---|---|---|---|
| 001 | BR6700516 | ||
| 003 | BR-BrBNA | ||
| 005 | 20230928083503.0 | ||
| 007 | ta | ||
| 008 | 230509b bl.||||| |||| 00| 0 por d | ||
| 040 |
_aBR-BrBNA _bpor _cBiblioteca Nacional de Agricultura |
||
| 041 | _a(Por) | ||
| 072 |
_aE70 _b/G514 |
||
| 090 | _ E70 BR6700516 | ||
| 100 | 1 | _aBoghossian, Z. | |
| 110 | 1 |
_aDepartamento Nacional de Portos e Vias Navegaveis, Brasilia, DF (Brasil) _93352 |
|
| 245 | 1 |
_aA navegacao fluvial e a seguranca nacional [Brasil] _bConferencia |
|
| 260 | 3 |
_aBrasilia, DF (Brasil): _c[nd]. |
|
| 300 | _a20 p. | ||
| 500 | _aPublished after 1966 | ||
| 650 | _aRIO | ||
| 650 | _aASPECTO FISIOGRAFICO | ||
| 650 | _aTRANSPORTE FLUVIAL | ||
| 909 |
_a202309 _bLucia _c55 _dLucia Elande |
||
| 942 | _cBK | ||
| 999 |
_c13749 _d13749 |
||